Central Library OPAC University of Rajshahi

জগদীশ গুপ্ত : (Record no. 47809)

MARC details
000 -LEADER
fixed length control field 00973nam a22002537a 4500
001 - CONTROL NUMBER
control field 47809
003 - CONTROL NUMBER IDENTIFIER
rucl marc code BD-RjUL
005 - DATE AND TIME OF LATEST TRANSACTION
control field 20211209054411.0
008 - FIXED-LENGTH DATA ELEMENTS--GENERAL INFORMATION
fixed length control field 160810s1993 ii ||||| |||| 00| 0 ben d
020 ## - INTERNATIONAL STANDARD BOOK NUMBER
International Standard Book Number 8185471193
Terms of availability : IRs 70.00
035 ## - SYSTEM CONTROL NUMBER
System control number (BD-RjUL)47928
040 ## - CATALOGING SOURCE
Original cataloging agency BD-RjUL
Language of cataloging ben
Transcribing agency BD-RjUL
041 ## - LANGUAGE CODE
Language code of text/sound track or separate title ben
082 ## - DEWEY DECIMAL CLASSIFICATION NUMBER
Edition number 23
Classification number 891.44092
Author mark and year JAG 1993
245 00 - TITLE STATEMENT
Title জগদীশ গুপ্ত :
Remainder of title জীবন ও সাহিত্য /
260 ## - PUBLICATION, DISTRIBUTION, ETC. (IMPRINT)
Place of publication, distribution, etc. কলিকাতা :
Name of publisher, distributor, etc. পুস্তক বিপণি,
Date of publication, distribution, etc. ১৯৯৩
300 ## - PHYSICAL DESCRIPTION
Pagination [১২], ২৫৯ পৃ. :
Illustrations চিত্র ;
Size ২১ সেমি.
600 ## - SUBJECT ADDED ENTRY--PERSONAL NAME
Personal name গুপ্ত, জগদীশ,
General subdivision জীবনী
Personal name Gupta, Jagadish,
General subdivision Biography
650 ## - SUBJECT ADDED ENTRY--TOPICAL TERM
Topical term or geographic name as entry element বাংলা সাহিত্য
9 (RLIN) 145160
Topical term or geographic name as entry element Bengali Literature
9 (RLIN) 145161
700 ## - ADDED ENTRY--PERSONAL NAME
Personal name মজুমদার, সমরেশ, সম্পাদক
942 ## - ADDED ENTRY ELEMENTS (KOHA)
Source of classification or shelving scheme Dewey Decimal Classification
Koha item type Books
Holdings
Lost status Source of classification or shelving scheme Damaged status Not for loan Collection code Permanent Location Current Location Shelving location Date acquired Source of acquisition Cost, normal purchase price Total Checkouts Full call number Date last seen Copy number Koha item type
  Dewey Decimal Classification     Non-fiction Central Library, University of Rajshahi Central Library, University of Rajshahi   21/03/2006 Paragon Enterprises Dhaka 70.00   B 891.44092 JAG 1993 10/08/2016 C-2 Books
  Dewey Decimal Classification     Non-fiction Central Library, University of Rajshahi Central Library, University of Rajshahi   21/03/2006 Paragon Enterprises Dhaka 70.00   B 891.44092 JAG 1993 10/08/2016 C-3 Books
  Dewey Decimal Classification     Non-fiction Central Library, University of Rajshahi Central Library, University of Rajshahi   21/03/2006 Paragon Enterprises Dhaka 70.00   B 891.44092 JAG 1993 10/08/2016 C-4 Books
  Dewey Decimal Classification   Not For Loan Non-fiction Central Library, University of Rajshahi Central Library, University of Rajshahi Reading Room 21/03/2006 Paragon Enterprises Dhaka 70.00   B 891.44092 JAG 1993 31/01/2017 C-1 Books